แสดงรายละเอียดบรรณานุกรม
  กลับหน้าหลัก

Brief Record : Get Marc (ISO 2709) : E-mail record : QR code ปิดหน้าต่าง
LEADER 00000nam 2200000uu 4500
008    131121s2539||||th 000 0 tha d
020    ^a9746742043
041 0  ^atha
060  4 ^aวพ WK800 ธ685 2539
100 0  ธีราภา ธานี
245 10 รายงานวิทยานิพนธ์ เรื่อง ผลของการให้คำปรึกษาแบบกลุ่ม การฝึกสมาธิการฝึกออกกำลังกายที่มีต่อการดูแลตนเองด้านสุขภาพในผู้ป่วยสูงอายุโรคเบาหวาน โรงพยาบาลสมเด็จพระยุพราชเดชอุดม จังหวัดอุบลราชธานี /^cธีราภา ธานี
260    ^aขอนแก่น : ^bมหาวิทยาลัยขอนแก่น,^c2539
300    [ก]-ญ, 248 หน้า :^bภาพประกอบ
502    วิทยานิพนธ์ (ศษ.ม.)--สาขาวิชาการแนะแนวและให้คำปรึกษาบัณฑิตวิทยาลัย มหาวิทยาลัยขอนแก่น, 2539
650  4 การให้คำปรึกษาแบบกลุ่ม^zไทย^zอุบลราชธานี
650  4 การออกกำลังกาย
650  4 ผู้สูงอายุ^xการดูแล^zไทย^zอุบลราชธานี
650  4 เบาหวาน^xผู้ป่วย^xการดูแล^zไทย^zอุบลราชธานี
650  0 ^aวิทยานิพนธ์
710 2  มหาวิทยาลัยขอนแก่น.^bบัณฑิตวิทยาลัย.^bสาขาวิชาการแนะแนวและให้คำปรึกษา
999    ^aใช้งานได้ทุกระบบ
รายการนี้ยังไม่มีแท็ก
คุณยังไม่ได้ล็อกอิน คุณสามารถมีกิจกรรมร่วมกับเว็บไซต์ได้ แต่ต้องล็อกอินก่อน ::
  ล็อกอิน
ลำดับที่ ประเภท เลขเรียก สถานที่ สถานะ
1. วิทยานิพนธ์
วิทยานิพนธ์
วพ WK800 ธ685 2539  
  
ชั้นหนังสือวิทยานิพนธ์ On Shelf
  ขอยืม
   [แสดง 1/1 รายการ]

รายการใกล้เคียง
    หัวเรื่อง [การออกกำลังกาย]
    หัวเรื่อง [วิทยานิพนธ์]

BibComment


ยังไม่เคยถูกคอมเมนท์

คอมเมนท์ทรัพยากรรายการนี้
  คอมเมนท์: รายงานวิทยานิพนธ์..
Bib 209227

 
 
 

 Union Library Management : ULibM
Copyright 2026. All Rights Reserved.
скачать бесплатно без регистрации порно красивый секс HD Sex Hindi sex

xxx gou

xxxx

bfxxx

xxxwww

Секса Видео

xxxx

Секса Видео

detube

geilexxx

C99 Shell

worms shell

blod xxx video
Ebony Coed Rihanna Rimes Takes A Dick In Her Young Twat priyaa indian fuck anal and pusssy hardcore indian women xxx desi hardcore fucking part 1 bengalixxxcouple